000 00263nam a2200121Ia 4500
100 _a#N/A
942 _cBK
654 _aINDUSTRIAL PRODUCTS
245 _aINDUSTRIAL PRODUCTS FINDER -ANNUAL 2000
260 _bI.P.F.
_c2000
082 _bI.P.F.
546 _aENGLISH
999 _c33079
_d33079